| 000 | 01189cam a22002651 4500 | ||
|---|---|---|---|
| 001 | hew59000004 | ||
| 003 | DLC | ||
| 005 | 20260227111509.0 | ||
| 008 | 831229s1958 dcuab s f000 0 eng c | ||
| 010 | _ahew59000004 | ||
| 035 | _a(OCoLC)10255895 | ||
| 040 |
_aU.S. Dept. of Health, Education, and Welfare. Library _cCNoS _dDLC |
||
| 042 | _apremarc | ||
| 050 | 0 | 0 |
_aL111 _b.A72 no. 529 |
| 051 |
_aLB1567 _b.U66 |
||
| 082 | _a379.173 | ||
| 110 | 1 |
_aUnited States. _bOffice of Education. |
|
| 245 | 1 | 0 |
_aStatistics of public school systems in 101 of the most rural counties, 1955-56 / _cprepared under the direction of Walter H. Gaummitz. |
| 260 |
_a[Washington] : _bU.S. Department of Health, Education, and Welfare, _c1958. |
||
| 300 |
_aiii, 23 p. : _bmap, tables ; _c27 cm. |
||
| 440 | 0 |
_aCircular (United States. Office of Education) ; _vno. 529 |
|
| 501 |
_aL111.A72 with: Baccalaureate degrees conferred by American colleges in the 17th and 18th centuries / Walter Crosby Eells. [Washington] : Office of Education, 1958. Bound together subsequent to publication. _5DLC |
||
| 650 | 0 |
_aRural schools _zUnited States _vStatistics. |
|
| 650 | 0 |
_aEducation _zUnited States _vStatistics. |
|
| 999 |
_c34183 _d34183 |
||